| 000 | 01170nam a2200265Ia 4500 | ||
|---|---|---|---|
| 003 | OSt | ||
| 005 | 20221005103505.0 | ||
| 006 | a|||||r|||| 00| 0 | ||
| 007 | ta | ||
| 008 | 221004b |||||||| |||| 00| 0 san d | ||
| 020 |
_a9789381953563 (hbk) _c800 |
||
| 024 | _a22331 | ||
| 037 |
_b286, 11/03/2015, Eastern Book Linkers _cTextual |
||
| 040 |
_aCRL _cCRL _bsan |
||
| 041 |
_2san _asan |
||
| 082 | _aO15,1M81:g, Q4 | ||
| 100 | _aत्रिपाठी, कैलाश चन्द्र | ||
| 245 | 0 | _aमहामहोपाध्याय पण्डित गिरिधर शर्मा चतुर्वेदी व्यक्तित्व एवं कृतित्व | |
| 246 | _aMahāmahopādhyāya paṇḍit giridhar sharmā chaturvedī vyaktitva evan kṛutitva | ||
| 260 |
_aजयपुर _bरचना प्रकाशन भारत _c2014 |
||
| 300 |
_a435पृ0 _ccm. |
||
| 650 | _aसंस्कृत साहित्य | ||
| 942 |
_hO15,1M81:g, Q4 _cTEXL _2cc |
||
| 999 |
_c1010178 _d1010178 |
||